Technological development and its implications for educational planning.

Kaydedildi:
Detaylı Bibliyografya
Yazar: Sanyal, Bikas C. (autor)
Materyal Türü: Kitap
Dil:İngilizce
Seri Bilgileri:(IIEP research report ; no. 85)
Konular:
Etiketler: Etiketle
Etiket eklenmemiş, İlk siz ekleyin!

MARC

LEADER 00000cam^a2200000uu^4500
001 000483251
005 20250521000000.0
008 050901s1990^^^^^^^^^^^^rd^r^^000^0^eng^d
009 20260310125107.772
035 |a FCE 000026302 
035 |a FCE 017383 
037 |a Acervo ITESO - Biblioteca 
041 |a eng 
082 0 4 |a 370.783  |b IIEP 85 
100 |a Sanyal, Bikas C.  |e (autor) 
245 1 0 |a Technological development and its implications for educational planning. 
264 |a Paris :  |b IIEP : UNESCO,  |c 1990. 
300 |a 146 p. 
336 |a texto  |b txt  |2 rdacontenido 
337 |a sin mediación  |b n  |2 rdamedio 
338 |a volumen  |b nc  |2 rdasoporte 
440 0 |a (IIEP research report ;  |v no. 85) 
649 |a XX 
650 |a Educación superior 
650 |a Planificación de la educación 
650 |a Industria 
650 |a Programa de investigación 
650 |a Desarrollo tecnológico 
650 |a Telecomunicación 
650 |a Relación escuela-industria 
650 |a Estudios de casos 
650 |a Francia 
650 |a Países desarrollados 
650 |a República Democrática Alemana 
650 |a Indonesia 
650 |a Corea 
650 |a Argelia 
650 |a Camerún 
910 |a Fondo Centro de Estudios Educativos 
920 |a Impresos - Libros 
930 |a Fondos Especiales 
905 |a 133 
901 |a ALE017383  |b IT2  |c CEE  |u 20250521 
902 |a https://opac.biblio.iteso.mx/vufind/Record/000483251